| 000 | 00629nam a2200241 a 4500 | ||
|---|---|---|---|
| 001 | nice12345678 | ||
| 003 | IN_TiNIC | ||
| 005 | 20260116013811.0 | ||
| 008 | 050524s1987 lona grp 000 0 eng | ||
| 020 |
_a _c662.3 |
||
| 082 | 0 | 0 |
_a230 _bSCH2 |
| 100 | _aSchleiermacher, Freidrich | ||
| 245 |
_aFriedrich Schleiermacher _b Pioneer of Modern Theology |
||
| 260 |
_aLondon _bWatts and Company _c1987 |
||
| 300 | _a281p | ||
| 500 | _aincludes index and biblioraphy | ||
| 505 | 2 | _aNotes, Index | |
| 650 | _aTheology | ||
| 650 | _aSchleiermacher Friedrich-Theology | ||
| 902 | _bSRS | ||
| 942 | _cBK | ||
| 999 |
_c12568 _d12568 |
||